000 00940cam a22002771 4500
001 gs 59000129
003 DLC
005 20260227111407.0
008 890925s1958 sp abf 000 0 spa c
010 _ags 59000129
035 _a(OCoLC)20390586
040 _aU.S. Geol. Survey. Libr.
_cCU
_dCU
_dOCoLC
_dDLC
042 _apremarc
050 0 0 _aQE651
_b.A7
100 1 _aAlmela, Antonio.
245 1 0 _aResumen de la historia geológica de la tierra
_c[por] Antonio Almela y Ruperto Sanz]
260 _aMadrid,
_bTip Lit. Coullaut,
_c1958.
300 _a174 p.
_b81 plates, fold. maps, tables.
_c24 cm.
490 1 _aMemorias del Instituto Geológico y Minero de España,
_vt. 59
650 0 _aGeology, Stratigraphic.
650 0 _aGeology
_zSpain.
650 0 _aPaleontology.
650 0 _aPaleontology
_zSpain.
700 1 _aSanz, Ruperto,
_ejoint author.
810 2 _aInstituto Geológico y Minero de España.
_tMemorias ;
_vt. 59.
999 _c29331
_d29331